| 000 | 00769nam a22002537a 4500 | ||
|---|---|---|---|
| 003 | UA-OsUOA | ||
| 001 | 25872 | ||
| 007 | ta | ||
| 008 | 20040429b un ||||| |||| 00| 0 ukr d | ||
| 090 |
_a37.011 _bО-75 |
||
| 942 | _cBK | ||
| 040 |
_aUA-OsUOA _bukr _cUA-OsUOA _dUA-OsUOA |
||
| 245 |
_aОснови національного виховання _bКонцептуальні положення _cЗа заг. ред. В.Г.Кузя Ю.Д.Руденка З.О.Сергійчук |
||
| 300 | _a150 с. | ||
| 955 | _a0 | ||
| 041 | _aukr | ||
| 080 | _a37.011 | ||
| 020 | _a5-7707-5179-7 | ||
| 260 |
_aКиїв _bІнформаційно-видавничий центр "Київ" _c1993 |
||
| 246 | 3 | 1 |
_aЧ. 1 _n |
| 044 | _aUA | ||
| 650 | 7 | _2UDC | |
| 999 |
_c312177 _d312177 |
||